000 00326 a2200157 4500
001 180229
020 _a
040 _cMagnum
100 _aTelles, Carlos Queiroz
240 1 0 _aAi que preguica !
_lpor
245 1 0 _aAi que preguica !
362 0 _a1899
440 1 _aFTD
697 _aMAGNITO: IJ/ECOLOGIA
942 _cBK
999 _c180229
_d180229